Every 100,000+ city in USA: California - Statistics

General Stats
  • This quiz has been taken 83 times
  • The average score is 49 of 103
Answer Stats
Letter Population City % Correct
L-A 17,315,460 Los Angeles
100%
S 2,260,479 Sacramento
100%
S-D 3,510,577 San Diego
100%
S-F 7,208,355 San Francisco
100%
S-J 2,704,456 San Jose
100%
F 813,650 Fresno
95%
A 1,791,005 Anaheim
88%
B 733,039 Bakersfield
88%
S-B 1,630,996 San Bernardino
88%
R 2,193,107 Riverside
85%
L-B 471,155 Long Beach
81%
O 504,926 Oakland
79%
S-A 320,616 Santa Ana
76%
S-B 209,937 Santa Barbara
76%
C-V 278,133 Chula Vista
72%
M 512,108 Modesto
71%
S-C 130,510 Santa Clara
69%
S 619,755 Stockton
69%
I 329,069 Irvine
67%
O 404,979 Oxnard
67%
P 185,017 Pasadena
64%
S-C 259,010 Santa Clarita
64%
F 292,035 Fremont
63%
M-V 214,460 Moreno Valley
60%
O 149,701 Orange
60%
B 145,406 Berkeley
59%
O 175,411 Ontario
59%
S-R 268,372 Santa Rosa
59%
B 106,211 Burbank
56%
H-B 205,137 Huntington Beach
55%
P 393,403 Palmdale
55%
L 175,906 Lancaster
53%
O 485,162 Oceanside
53%
R-C 181,339 Rancho Cucamonga
53%
S-C 191,045 Santa Cruz
53%
T-O 385,145 Thousand Oaks
53%
R 105,889 Redding
52%
C 176,715 Corona
51%
F 229,006 Fontana
51%
S-M 290,150 San Mateo
51%
V 122,076 Ventura
51%
G 198,814 Glendale
49%
V 313,014 Victorville
49%
C 105,124 Chico
48%
D-C 350,095 Daly City
48%
S-M 150,812 Santa Maria
48%
E-G 189,026 Elk Grove
47%
I 108,026 Inglewood
47%
P 153,020 Pomona
47%
T 138,202 Torrance
47%
C 117,255 Carlsbad
45%
C 108,817 Compton
45%
G-G 174,070 Garden Grove
45%
P-S 314,429 Palm Springs
45%
S 169,308 Salinas
45%
H 166,280 Hayward
44%
F 146,120 Fullerton
43%
V 152,202 Vallejo
43%
V 170,216 Visalia
41%
A 331,025 Antioch
40%
E 154,073 Escondido
40%
J-V 110,351 Jurupa Valley
40%
M 107,121 Monterey
40%
S 156,099 Sunnyvale
39%
C 172,033 Chino
37%
E-M 110,504 El Monte
37%
R 407,265 Roseville
37%
W-C 110,218 West Covina
37%
C 452,863 Concord
36%
E-L-A 116,225 East Los Angeles
36%
E-C 108,203 El Cajon
36%
M-V 603,139 Mission Viejo
36%
R 111,535 Rialto
36%
T 376,663 Temecula
36%
R 310,196 Richmond
33%
M 180,440 Merced
32%
S-R 266,049 San Rafael
32%
S-V 140,311 Simi Valley
32%
D 116,910 Downey
29%
V 106,904 Vacaville
29%
Y-C 104,788 Yuba City
29%
C 127,036 Clovis
28%
F 143,021 Fairfield
28%
R-C 139,904 Redwood City
28%
C-M 118,012 Costa Mesa
27%
H 102,705 Hesperia
27%
M 115,090 Murrieta
25%
N 103,733 Norwalk
25%
H 164,245 Hemet
23%
M 120,942 Menifee
23%
T 104,043 Tracy
23%
V 101,450 Vista
21%
L 101,655 Livermore
20%
W 125,109 Whittier
20%
L 100,724 San Leandro
19%
W 102,982 Westminster
19%
C 101,992 Carson
17%
P 101,142 Pittsburg
16%
T 100,310 Turlock
13%
M 112,005 Manteca
11%
P 251,098 Pleasanton
11%
B 100,921 Beaumont
8%
A-A 102,250 Arden-Arcade
5%
No matching quizzes found
Score Distribution
Percent of People with Each Score
Percentile by Number Answered
Your Score History
You have not taken this quiz